Systemic exploration of wheat rhizosphere microbiome for sustainable agriculture (Record no. 393560)

MARC details
000 -LEADER
fixed length control field 00545nam a2200193 4500
005 - DATE & TIME
control field 20250927113017.0
008 - FIXED-LENGTH DATA ELEMENTS--GENERAL INFORMATION
fixed length control field 250927b |||||||| |||| 00| 0 eng d
040 ## - CATALOGING SOURCE
Original cataloging agency VIVEKANANDA LIBRARY
082 ## - DDC NUMBER
Classification number 572.86
Book Number S23S
100 ## - MAIN ENTRY--PERSONAL NAME
Personal name Sharma, Pinki
245 ## - TITLE STATEMENT
Title Systemic exploration of wheat rhizosphere microbiome for sustainable agriculture
260 ## - PUBLICATION, DISTRIBUTION, ETC. (IMPRINT)
Name of publisher, distributor, etc Department of Biochemistry, M D University, Rohtak
Date of publication, distribution, etc 2024
300 ## - PHYSICAL DESCRIPTION
Pages 230
650 ## - Subject
Subject Biochemistry
650 ## - Subject
Subject Microbiome
700 ## - Added Entry Personal Name
Added Entry Personal Name Chauhan, N S
700 ## - Added Entry Personal Name
Added Entry Personal Name Mukerji, Mitali
942 ## - ADDED ENTRY ELEMENTS (KOHA)
Koha item type Thesis
Holdings
Withdrawn status Lost status Source of classification or shelving scheme Damaged status Not for loan Location (home branch) Sublocation or collection (holding branch) Shelving location Date acquired Koha issues (times borrowed) Koha full call number Accession No. Koha date last seen Copy number Koha item type
    Dewey Decimal Classification     VIVEKANANDA LIBRARY VIVEKANANDA LIBRARY Vivekananda Library 27/09/2025   572.86 S23S 411196 27/09/2025 R Thesis
© Designed and Maintained by Vivekananda Library, MDU Rohtak